Don't Panic... Just Alphabetize! Quiz Stats

 Plays Quiz Updated Mar 17, 2015

Challenge
Share
Tweet
Embed
Score 0/21 Timer 01:00
1 Play Today
Word 1 Answer % Correct
Obama???
65.3%
Hoarse???
65.2%
Friend???
64.1%
Grandpa???
64.1%
White???
63.9%
Never???
63.7%
Violence???
63.5%
Color???
63.3%
Hunger???
63.3%
Wedding???
63.2%
Spirit???
63%
Word 1 Answer % Correct
Please???
62.8%
Zambia???
62.5%
Trike???
62.3%
House???
62.3%
Vulpine???
62%
Jets???
62%
Extract???
61.8%
Greece???
59.9%
Museum???
57.7%
Time???
56.1%

You're not logged in!

Compare scores with friends on all Sporcle quizzes.
Join for Free
OR
Log In

You Might Also Like...

Show Comments

Extras

Top Quizzes Today


Score Distribution

Your Account Isn't Verified!

In order to create a playlist on Sporcle, you need to verify the email address you used during registration. Go to your Sporcle Settings to finish the process.

Report this User

Report this user for behavior that violates our Community Guidelines.

Details: